Statistics for F1 Winners: Chinese Grand Prix

Click here to take the quiz!

General Stats

  • This quiz has been taken 366 times
    (344 since last reset)
  • The average score is 15 of 16

Answer Stats

SeasonTrackDriver% Correct
2008Shanghai International CircuitLewis Hamilton
100%
2011Shanghai International CircuitLewis Hamilton
100%
2014Shanghai International CircuitLewis Hamilton
100%
2015Shanghai International CircuitLewis Hamilton
100%
2017Shanghai International CircuitLewis Hamilton
100%
2019Shanghai International CircuitLewis Hamilton
100%
2005Shanghai International CircuitFernando Alonso
99%
2013Shanghai International CircuitFernando Alonso
99%
2009Shanghai International CircuitSebastian Vettel
99%
2006Shanghai International CircuitMichael Schumacher
98%
2007Shanghai International CircuitKimi Räikkönen
95%
2012Shanghai International CircuitNico Rosberg
95%
2016Shanghai International CircuitNico Rosberg
95%
2018Shanghai International CircuitDaniel Ricciardo
93%
2010Shanghai International CircuitJenson Button
93%
2004Shanghai International CircuitRubens Barrichello
74%

Score Distribution

Percentile by Number Answered

Percent of People with Each Score

Your Score History

You have not taken this quiz since the last reset